000 00474nam a2200181Ia 4500
008 090124s9999 xx 000 0 und d
082 _b131020
100 _aखाडीलकर उषा
245 _a जोडीदार
250 _a1
260 _c2001
300 _a107
600 _aखाडीलकर उषा
630 _a जोडीदार
700 _aखाडीलकर उषा
730 _a जोडीदार
942 _cBOOK
999 _c177109
_d177109